000 00407nam a2200157Ia 4500
008 210716s2003 xx 000 0 und d
020 _a8120322991
041 _aeng
082 _a005.2631 STEN
100 _aStevenson, Nancy; Marmel, Elaine.
245 _aTroubleshootong office xp.
250 _a1
260 _aNew Delhi
_bPrentice Hall of India PVt Ltd.
_c2003
300 _axx,552
650 _aNone
999 _c187544
_d187544